| 000 | 00799nam a2200229Ia 4500 | ||
|---|---|---|---|
| 999 |
_c36914 _d36914 |
||
| 003 | OSt | ||
| 005 | 20210405102101.0 | ||
| 008 | 160316s2014 xxu||||| |||| 00| 0 eng d | ||
| 020 | _a9781139035026 | ||
| 020 | _a9780521175579 | ||
| 040 | _cn | ||
| 082 |
_a332.015190 _bKOP |
||
| 100 | _aKopp Ekkehard | ||
| 245 | _aProbability for finance | ||
| 260 |
_aCambridge _bCambridge University Press _c2014 |
||
| 300 |
_a188p _cvii |
||
| 365 | _b Rs. 395 | ||
| 505 | _aTable of Contents Preface; 1. Probability space; 2. Probability distributions and random variables; 3. Product measure and independence; 4. Conditional expectation; 5. Sequences of random variables; Index | ||
| 650 | _a1. Business Mathematics2. Probabilities | ||
| 700 |
_aMalczak Jan _aZastawniak Tomasz |
||
| 942 |
_2ddc _cBK |
||